Príspevok k architektúram a algortimom samočinnej opravy pamätí RAM

Uložené v:
Podrobná bibliografia
Hlavný autor: Krištofík, Štefan (Autor)
Ďalší autori: Gramatová, Elena (Vedúci práce)
Médium: Rukopis Kniha
Jazyk:Slovak
Vydavateľské údaje: 2015
Predmet:
On-line prístup:http://is.stuba.sk/zp/portal_zp.pl?podrobnosti=81181
Tagy: Pridať tag
Žiadne tagy, Buďte prvý, kto otaguje tento záznam!

MARC

LEADER 00000ntm a22000003a 4500
001 stuzp23054
003 SK-STU
005 20180423133003.3
007 ta
008 150427s2015----xo-----f-mn---000-0-slo-d
040 |a STU  |b slo 
041 0 |a slo 
100 1 |a Krištofík, Štefan  |u 070100  |4 aut  |U FIIT Fakulta informatiky a informačných technológií  |T FIIT Ústav počítačových systémov a sietí  |X 24559  |U I100  |Y 178  |7 A000024559 
242 0 1 |a A Contribution towards Architectures and Algorithms for Self Repair of RAMs  |y eng 
245 1 0 |a Príspevok k architektúram a algortimom samočinnej opravy pamätí RAM 
260 |c 2015 
650 4 |a úspešnosť opravy  |2 slo 
650 4 |a algoritmus opravy pamätí  |2 slo 
650 4 |a systém na čipe  |2 slo 
650 4 |a samočinná oprava pamätí  |2 slo 
650 4 |a repair rate  |2 eng 
650 4 |a system on a chip  |2 eng 
650 4 |a memory self repair  |2 eng 
650 4 |a repair analysis algorithm  |2 eng 
700 1 |a Gramatová, Elena  |4 ths  |X 4228  |7 4228 
856 4 |u http://is.stuba.sk/zp/portal_zp.pl?podrobnosti=81181 
SQL |a stuzp23054  |b DDZ  |c SLO  |d Príspevok k architektúram a algortimom samočinnej opravy pamätí RAM  |e 24559  |f Krištofík, Štefan  |g 070100  |h 4228  |i Gramatová, Elena  |j 20150821  |k 213  |l 07  |m http://is.stuba.sk/zp/portal_zp.pl?podrobnosti=81181  |n D-AI  |o 9.2.9. aplikovaná informatika